<?xml version="1.0" encoding="UTF-8"?>
<record
    xmlns:xsi="http://www.w3.org/2001/XMLSchema-instance"
    xsi:schemaLocation="http://www.loc.gov/MARC21/slim http://www.loc.gov/standards/marcxml/schema/MARC21slim.xsd"
    xmlns="http://www.loc.gov/MARC21/slim">

  <leader>04052nam a2200493Ia 4500</leader>
  <controlfield tag="001">dia_4668</controlfield>
  <controlfield tag="003">CHAP</controlfield>
  <controlfield tag="005">20241217133035.0</controlfield>
  <controlfield tag="007">ta</controlfield>
  <controlfield tag="008">220117s2010    mx bdoefrm    001 0 spa d</controlfield>
  <datafield tag="010" ind1=" " ind2=" ">
    <subfield code="a">175354</subfield>
  </datafield>
  <datafield tag="040" ind1=" " ind2=" ">
    <subfield code="c">CHAP</subfield>
    <subfield code="a">mxchpua</subfield>
    <subfield code="e">rda</subfield>
  </datafield>
  <datafield tag="041" ind1="0" ind2=" ">
    <subfield code="a">spa</subfield>
    <subfield code="b">eng</subfield>
  </datafield>
  <datafield tag="090" ind1=" " ind2=" ">
    <subfield code="a">Tesis </subfield>
    <subfield code="b">G372 </subfield>
    <subfield code="c">2010</subfield>
  </datafield>
  <datafield tag="100" ind1="1" ind2=" ">
    <subfield code="a">Garc&#xED;a Osio, Francisco Xavier</subfield>
  </datafield>
  <datafield tag="240" ind1="1" ind2="0">
    <subfield code="a">Installation of four hectares of greenhouse and one line of packing of bell pepper (Capsicum annuum L.) in ciudad Guzm&#xE1;n, Jalisco.</subfield>
    <subfield code="l">Espa&#xF1;ol</subfield>
  </datafield>
  <datafield tag="245" ind1="1" ind2="0">
    <subfield code="a">Instalaci&#xF3;n de cuatro hect&#xE1;reas de invernadero y una l&#xED;nea de empaque de chile pimiento (Capsicum annuum L.) en C.D. Guzm&#xE1;n Jalisco /</subfield>
    <subfield code="c">Francisco Xavier Garc&#xED;a Osio y Ivan Hern&#xE1;ndez Hern&#xE1;ndez</subfield>
  </datafield>
  <datafield tag="264" ind1=" " ind2=" ">
    <subfield code="a">Chapingo, M&#xE9;xico :</subfield>
    <subfield code="b">El autor,</subfield>
    <subfield code="c">2010</subfield>
  </datafield>
  <datafield tag="300" ind1=" " ind2=" ">
    <subfield code="a">vi, 94 hojas :</subfield>
    <subfield code="b">mapas, gr&#xE1;ficas, diagramas, tablas, fotos, planos</subfield>
  </datafield>
  <datafield tag="336" ind1=" " ind2=" ">
    <subfield code="2">rdacontent</subfield>
    <subfield code="a">texto</subfield>
    <subfield code="b">txt</subfield>
  </datafield>
  <datafield tag="337" ind1=" " ind2=" ">
    <subfield code="2">rdamedia</subfield>
    <subfield code="a">no mediado</subfield>
    <subfield code="b">n</subfield>
  </datafield>
  <datafield tag="338" ind1=" " ind2=" ">
    <subfield code="2">rdacarrier</subfield>
    <subfield code="a">volumen</subfield>
    <subfield code="b">nc</subfield>
  </datafield>
  <datafield tag="502" ind1=" " ind2=" ">
    <subfield code="a">Tesis </subfield>
    <subfield code="b">(Ingeniero Agroindustrial) -- </subfield>
    <subfield code="c">UACh. Departamento de Ingenieria Agroindustrial,</subfield>
    <subfield code="d">2010</subfield>
  </datafield>
  <datafield tag="504" ind1=" " ind2=" ">
    <subfield code="a">Bibliograf&#xED;a: hojas 91-93</subfield>
  </datafield>
  <datafield tag="505" ind1=" " ind2=" ">
    <subfield code="a">4 planos --
1. Plano de distribuci&#xF3;n de &#xE1;reas --
2. Plano DTI --
3. Plano de distribuci&#xF3;n de equipo --
4. Plano de distribuci&#xF3;n de &#xE1;reas 2</subfield>
  </datafield>
  <datafield tag="520" ind1="3" ind2=" ">
    <subfield code="a">El chile pimiento (Capsicum annuum L.) es uno de los principales productos de agricultura en el estado de  Jalisco ocupando el segundo lugar despu&#xE9;s del jitomate (Lycopersicon esculentum Mill). Generalmente el pimiento se comercializa en fresco para consumo directo o como materia prima para la industria del pimenton, pastas, salsas  etc. El objetivo del presente proyecto es verificar la viabilidad de la instalaci&#xF3;n de una unidad de producci&#xF3;n de 40,000m2 de chile pimiento en invernadero as&#xED; como el dise&#xF1;o de una l&#xED;nea de empaque del producto terminado. En el an&#xE1;lisis financiero para la instalaci&#xF3;n de los invernadero y la l&#xED;nea de empaque se estimo un presupuesto de inversi&#xF3;n inicial de $ 13, 841, 580.57, obteni&#xE9;ndose los siguientes razones financieras VAN=10, 175, 981.10, TIR=38.24%, B/C=1.34, TREMA=31, adem&#xE1;s no mostraron ser sensibles tanto para el aumento en los insumos as&#xED; como el decremento en los ingresos. Lo anterior, indica viabilidad financiera para llevar a cabo el proyecto.  --</subfield>
  </datafield>
  <datafield tag="520" ind1="3" ind2=" ">
    <subfield code="a">Bell pepper (Capsicum annuum L.) is a major agriculture products of the Jalisco state occupying second place after the tomato (Lycopersicon esculentum Mill). Usually their fresh fruits is sold ford direct consumption or as raw material for powder, sauces and other food industry. The objective of the present project is to verify the viability of the installation of a unit of production of 40,000m2 of bell pepper in greenhouse as well as the design of a line of packing of the finished product.  In the financial analysis for the installation of the greenhouse and the line of packing estimates a budget of initial investment of $ 13, 841, 580, 57, obtaining the following financial reasons VAN=10, 175, 981, 10, TIR=38.24%, B/C=1.34, TREMA=31, in addition they as much did not show to be sensible for the increase in the consumptions as well as the decrement in the income. The previous thing indicates financial viability to carry out the project.  </subfield>
  </datafield>
  <datafield tag="650" ind1="1" ind2="3">
    <subfield code="a">Pimientos dulces  </subfield>
    <subfield code="x">Invernaderos</subfield>
  </datafield>
  <datafield tag="650" ind1="1" ind2="3">
    <subfield code="a">Pimientos dulces  </subfield>
    <subfield code="x">Tecnolog&#xED;a de almacenamiento</subfield>
  </datafield>
  <datafield tag="650" ind1="1" ind2="3">
    <subfield code="a">Sweet peppers  </subfield>
    <subfield code="x">Greenhouses</subfield>
  </datafield>
  <datafield tag="650" ind1="1" ind2="3">
    <subfield code="a">Sweet peppers  </subfield>
    <subfield code="x">Storage technology</subfield>
  </datafield>
  <datafield tag="700" ind1="1" ind2=" ">
    <subfield code="a">Hern&#xE1;ndez Hern&#xE1;ndez, Iv&#xE1;n</subfield>
    <subfield code="e">autor</subfield>
  </datafield>
  <datafield tag="700" ind1="1" ind2=" ">
    <subfield code="a">Ponce Hern&#xE1;ndez, Pedro</subfield>
    <subfield code="e">director</subfield>
  </datafield>
  <datafield tag="700" ind1="1" ind2=" ">
    <subfield code="a">Espejel Zaragoza, Jos&#xE9; Alfredo</subfield>
    <subfield code="e">asesor</subfield>
  </datafield>
  <datafield tag="700" ind1="1" ind2=" ">
    <subfield code="a">Santiago Pinelo, Ra&#xFA;l</subfield>
    <subfield code="e">asesor</subfield>
  </datafield>
  <datafield tag="856" ind1="4" ind2="1">
    <subfield code="u">http://10.13.5.2/tesis/109941.pdf</subfield>
    <subfield code="y">DESCARGAR PDF</subfield>
  </datafield>
  <datafield tag="901" ind1=" " ind2=" ">
    <subfield code="a">TESIS G372 2010</subfield>
  </datafield>
  <datafield tag="902" ind1=" " ind2=" ">
    <subfield code="a">A</subfield>
  </datafield>
  <datafield tag="905" ind1=" " ind2=" ">
    <subfield code="a">0000002010                          MX A M 0000000000SPA00</subfield>
  </datafield>
  <datafield tag="942" ind1=" " ind2=" ">
    <subfield code="c">TESIS</subfield>
    <subfield code="2">Clasificaci&#xF3;n Universidad Aut&#xF3;noma Chapingo</subfield>
  </datafield>
  <datafield tag="999" ind1=" " ind2=" ">
    <subfield code="c">175354</subfield>
    <subfield code="d">175354</subfield>
  </datafield>
  <datafield tag="952" ind1=" " ind2=" ">
    <subfield code="0">0</subfield>
    <subfield code="1">0</subfield>
    <subfield code="2">local</subfield>
    <subfield code="4">0</subfield>
    <subfield code="5">5</subfield>
    <subfield code="7">0</subfield>
    <subfield code="8">TESIS</subfield>
    <subfield code="a">IA_</subfield>
    <subfield code="b">IA_</subfield>
    <subfield code="d">2022-01-18</subfield>
    <subfield code="e">El autor</subfield>
    <subfield code="l">1</subfield>
    <subfield code="o">Tesis G372 2010</subfield>
    <subfield code="p">1101013898</subfield>
    <subfield code="r">2026-02-02 00:00:00</subfield>
    <subfield code="s">2024-10-25</subfield>
    <subfield code="t">Ej. 2</subfield>
    <subfield code="w">2022-01-18</subfield>
    <subfield code="y">TESIS</subfield>
  </datafield>
  <datafield tag="952" ind1=" " ind2=" ">
    <subfield code="0">0</subfield>
    <subfield code="1">0</subfield>
    <subfield code="2">local</subfield>
    <subfield code="4">0</subfield>
    <subfield code="5">1</subfield>
    <subfield code="7">0</subfield>
    <subfield code="8">TESIS</subfield>
    <subfield code="a">IA_</subfield>
    <subfield code="b">IA_</subfield>
    <subfield code="d">2022-01-18</subfield>
    <subfield code="e">El autor</subfield>
    <subfield code="l">0</subfield>
    <subfield code="o">Tesis G372 2010</subfield>
    <subfield code="p">1101013897</subfield>
    <subfield code="r">2026-02-02 00:00:00</subfield>
    <subfield code="t">Ej. 1</subfield>
    <subfield code="w">2022-01-18</subfield>
    <subfield code="y">TESIS</subfield>
  </datafield>
  <datafield tag="952" ind1=" " ind2=" ">
    <subfield code="0">0</subfield>
    <subfield code="1">0</subfield>
    <subfield code="2">local</subfield>
    <subfield code="4">0</subfield>
    <subfield code="7">0</subfield>
    <subfield code="8">TesDigL</subfield>
    <subfield code="a">IA_</subfield>
    <subfield code="b">IA_</subfield>
    <subfield code="c">E_L</subfield>
    <subfield code="d">2024-10-22</subfield>
    <subfield code="e">El autor</subfield>
    <subfield code="l">0</subfield>
    <subfield code="p">1201013897</subfield>
    <subfield code="r">2024-10-22 13:45:25</subfield>
    <subfield code="w">2024-10-22</subfield>
    <subfield code="y">TD</subfield>
  </datafield>
</record>
